000 00717nam a2200217Ia 4500
001 11527
003 GE_BSU
008 181216s||||||||xx |||||||||||||| ||und||
040 _cGE_BSU
080 _a631.4(075.32)+631.4(075.8)+631.8(075.32)+631.8(075.8)
100 _aსარიშვილი,ი.ფ;ი.ა.ნაკაიძე.
245 _aაგრონომიული ქიმია.
245 _cრედ:ი.სარიშვილი.
260 _aთბილისი.
260 _bსახელგამი.
260 _c1957.
300 _a506გვ;23სმ.
300 _eცხრილები.
653 _aაგრონომიული ქიმია.
942 _cBK
999 _c44722
_d44722